000 00635nam a2200193Ia 4500
003 GCL
008 140319s9999 xx 000 0 ara d
040 _aGCL /
_cGCL
082 0 4 _a620.0042
_bر ع
100 1 _aرشدى راشد
245 1 0 _aعلم الهندسة والمناظر فى القرن الرابع الهجرى : ابن سهل , القوهى وابن الهيثم /
_cرشدى راشد
300 _a532 ص
490 _aسلسلة تاريخ العلوم عند العرب
_v0
650 0 4 _aالهندسة
650 0 4 _aابن الهيثم
650 0 4 _aابن سهل
650 0 4 _aالقوهى
942 _2ddc
_cBK
999 _c48925
_d48925